000 00740nam a2200217Ii 4500
003 JO-AjNU
008 230605s9999||||xx |||||||||||||| ||und||
017 _a1988/3614
040 _aJO-AjNU
_bara
_erda
_cJO-AjNU
041 _aara
050 1 4 _aBP130.4 1988
100 3 _aبن حميد، عبد؛ تحقيق وتعليق ابي عبدالله مصطفى ين العدوي شلبانة,
_eauthor
_913214
245 0 0 _aالمنتخب، ج3
250 _aط1
264 3 1 _aالقاهرة: مكنبة ابن حجر للنشر والتوزيع، 1988
300 _aج3، 323ص
336 _atext
_btxt
_2rdacontent
337 _aunmediated
_bn
_2rdamedia
338 _avolume
_bnc
_2rdacarrier
650 4 _aالقرآن الكريم
_913215
999 _aA3231
_c6799
_d6799